Analisis lineal de las interdependencias estructurales en un sistema econsmico (Registro nro. 19237)

Detalles MARC
000 -CABECERA
campo de control de longitud fija 00459nab a2200169 a 4500
001 - NÚMERO DE CONTROL
campo de control 19237
003 - IDENTIFICADOR DEL NÚMERO DE CONTROL
campo de control 51158
005 - FECHA Y HORA DE LA ÚLTIMA TRANSACCIÓN
campo de control 20201118095822.0
008 - DATOS DE LONGITUD FIJA--INFORMACIÓN GENERAL
campo de control de longitud fija ||||||n9999 ||| || ||
100 ## - ENTRADA PRINCIPAL--NOMBRE DE PERSONA
Nombre de persona Gonzalez L., Julian
245 #0 - MENCIÓN DE TÍTULO
Título Analisis lineal de las interdependencias estructurales en un sistema econsmico
300 ## - DESCRIPCIÓN FÍSICA
Extensión pp. 43-51
562 ## - NOTA DE IDENTIFICACIÓN DE LA COPIA Y VERSIÓN
Número de copias 0
650 ## - PUNTO DE ACCESO ADICIONAL DE MATERIA--TÉRMINO DE MATERIA
Término de materia o nombre geográfico como elemento de entrada MODELOS ECONÓMICOS
773 ## - ENLACE AL DOCUMENTO FUENTE/ENTRADA DE REGISTRO ANFITRIÓN
Número bibliográfico anfitrión 19233
Encabezamiento principal Proyecciones - Vol.4 No.1-2-12
942 ## - ELEMENTOS DE PUNTO DE ACCESO ADICIONAL (KOHA)
Tipo de ítem Koha Artículo de Revista

No hay ítems disponibles.